| 000 | 01205cam a2200325 a 4500 | ||
|---|---|---|---|
| 001 | 3450149 | ||
| 003 | OSt | ||
| 005 | 20240627112701.0 | ||
| 008 | 920626s1993 nyu b 001 0 eng | ||
| 010 | _a 92024356 | ||
| 020 |
_a0415906431 (HB) : _c$49.95 |
||
| 020 |
_a041590644X (PB) : _c$15.95 |
||
| 040 | _cmust | ||
| 050 | 0 | 0 |
_aHQ1236 _b.J66 1993 |
| 082 | 0 | 0 |
_aJ719c 1993 _220 |
| 100 | 1 |
_aJones, Kathleen B., _d1949- _918240 |
|
| 245 | 1 | 0 |
_aCompassionate authority : _bdemocracy and the representation of women / _cKathleen B. Jones. |
| 260 |
_aNew York : _bRoutledge, _c1993. |
||
| 300 |
_axii, 265 p. ; _c24 cm. |
||
| 504 | _aIncludes bibliographical references (p. 246-257) and index. | ||
| 650 | 0 |
_aWomen _xPolitical activity. _97059 |
|
| 650 | 0 |
_aSex role _xPolitical aspects. _918241 |
|
| 650 | 0 |
_aAuthority. _918242 |
|
| 650 | 0 |
_aSovereignty. _97258 |
|
| 650 | 0 |
_aFeminist theory. _96966 |
|
| 856 | 4 | 2 |
_3Publisher description _uhttp://www.loc.gov/catdir/enhancements/fy0651/92024356-d.html |
| 906 |
_a7 _bcbc _corignew _d1 _eocip _f19 _gy-gencatlg |
||
| 942 |
_2ddc _cO_SHELF |
||
| 999 |
_c8989 _d8989 |
||